000 00288nam a22001337a 4500
008 170725b xxu||||| |||| 00| 0 eng d
020 _a9780071492744
041 _aeng
080 _a004
100 _a29
101 _aSHKI
245 _aACE THE IT RESUME
_cMOREIRA, P
942 _2udc
_cBK
999 _c21894
_d21894